| 000 | 00504nam a2200181Ia 4500 | ||
|---|---|---|---|
| 008 | 191130s2008##################000#0#eng## | ||
| 020 | _a1405712430 | ||
| 040 |
_aACL _cACL |
||
| 082 | _a348.4204 WID | ||
| 245 |
_aThe all England law reports 2008 _cedited by Karen Widdcombe |
||
| 260 |
_aLondon _bButterworth & Co _c2008 |
||
| 300 | _a1182 p.; 23 cm. | ||
| 650 | _aLaw- Reports | ||
| 700 | _aWiddicombe, Karen | ||
| 990 | _a0cac6bd3ac10000c4a80cc5c770d20e3 | ||
| 991 | _a392907 | ||
| 999 |
_c300837 _d300837 |
||